All British Flags - Statistics

General Stats
  • This quiz has been taken 28 times
  • The average score is 18 of 354
Answer Stats
Picture Answer % Correct
United Kingdom
100%
Scotland
92%
Wales
92%
England
88%
Isle of Man
88%
Northern Ireland
80%
Guernsey
64%
Jersey
64%
Falkland Islands
40%
Gibraltar
40%
British Virgin Islands
28%
Bermuda
24%
Cayman Islands
24%
York
24%
Alderney
20%
City of London
20%
Isle of Wight
20%
Pitcairn Islands
20%
Shetland
20%
Yorkshire
20%
Ascension Island
16%
British Indian Ocean Territory
16%
Cornwall
16%
Montserrat
16%
Orkney
16%
St Helena
16%
Sussex
16%
Turks and Caicos Islands
16%
Anglesey
12%
Essex
12%
Hampshire
12%
Herm
12%
Lancashire
12%
Lincoln
12%
Lincolnshire
12%
Norfolk
12%
Saint Andrew
12%
Saint Peter
12%
Saint Peter
12%
Sark
12%
Aberdeen
8%
Aberdeenshire
8%
Anguila
8%
Angus
8%
Banffshire
8%
Bedfordshire
8%
Belfast
8%
Berkshire
8%
British Antarctic Territory
8%
Buckinghamshire
8%
Cambridgeshire
8%
Cardiff
8%
Cardiff
8%
Cheshire
8%
Cumberland
8%
Derbyshire
8%
Devon
8%
Dorset
8%
Durham
8%
Edinburgh
8%
Edinburgh
8%
Flintshire
8%
Glamorgan
8%
Gloucestershire
8%
Herefordshire
8%
Hertfordshire
8%
Isle of Skye
8%
Kent
8%
Leicestershire
8%
Middlesex
8%
Nottinghamshire
8%
Oxfordshire
8%
Royal Air Force
8%
Royal Navy
8%
Rutland
8%
Saint Saviour
8%
Saint Saviour
8%
Shropshire
8%
South Georgia and the South Sandwich Islands
8%
Staffordshire
8%
St. George's
8%
Suffolk
8%
Surrey
8%
Sutherland
8%
Torteval
8%
Trinity
8%
Wiltshire
8%
Worcestershire
8%
Berwickshire
4%
Birmingham
4%
Caithness
4%
Church of Scotland
4%
Cinque Ports
4%
County Durham
4%
East Lothian
4%
East Riding of Yorkshire
4%
East Sussex
4%
Glasgow
4%
Gwynedd
4%
House of Commons
4%
Huntingdonshire
4%
Isles of Scilly
4%
Mercia
4%
Merseyside
4%
Monmouth
4%
Monmouthshire
4%
Northamptonshire
4%
North Riding of Yorkshire
4%
Northumberland
4%
Northumbria
4%
Pembrokeshire
4%
Saint David
4%
Saint Lawrence
4%
Saint Mary
4%
Somerset
4%
South Uist
4%
Tristan da Cunha
4%
Tyne and Wear
4%
Wessex
4%
West Midlands
4%
Westmorland
4%
West Riding of Yorkshire
4%
West Sussex
4%
Willenhall
4%
Air Training Corps
0%
Akrotiri and Dhekelia
0%
Anglican Communion
0%
Appleby-in-Westmorland
0%
Bangor University
0%
Bexhill-on-Sea
0%
Black Country
0%
Bloxwich
0%
British Army
0%
British Republicanism
0%
Caernarfonshire
0%
Calne
0%
Cambridgeshire County Council
0%
Cargreen Yacht Club
0%
Castel
0%
Caterham
0%
Ceremonial County of Hampshire
0%
Ceremonial County of Staffordshire
0%
Ceremonial County of Warwickshire
0%
Chief of the Defence Staff
0%
Church in Wales
0%
Church of Ireland
0%
Church of St James the Great
0%
Civil Jack
0%
Combined Cadet Force
0%
Comhairle nan Eilean Siar
0%
Commandant General Royal Marines
0%
Corps of His Majesty's Royal Marines
0%
County Durham District
0%
Coventry
0%
Craig-y-dorth
0%
Cromford
0%
Cumbria County Council
0%
Deheubarth
0%
Denny and Dunipace
0%
Digbeth
0%
Duchy of Lancaster
0%
Duke of Cornwall
0%
Duke of Edinburgh
0%
Duke of Gloucester
0%
Duke of Kent
0%
Duke of Rothesay
0%
Duke of Sussex
0%
Duke of York
0%
Dunkirk Jack
0%
East Anglia
0%
Edinburgh Naper University
0%
Elstree and Borehamwood
0%
Evenley
0%
Exeter Cathedral
0%
Exmoor
0%
Finchfield
0%
Flag Institute
0%
Flore
0%
Flushing Sailing Club
0%
Forest
0%
Four Elms
0%
Government Service
0%
Governor of the Cayman Islands
0%
Governor of the Falkland Islands
0%
Great Bernera
0%
Greater London
0%
Greater Manchester
0%
Grouville
0%
Hamilton
0%
Hampton Poyle
0%
Heathfield
0%
Helford River Sailing Club
0%
HM Revenue and Customs
0%
HMS Conway Cruising Association
0%
Horningsea
0%
House of Commons Yacht Club
0%
Island Cruising Club of Salcombe
0%
Isle of Barra
0%
Isle of Wight Council
0%
Joint Services
0%
King Charles III
0%
Kingswinford
0%
Kircudbrightshire
0%
Lancashire County Council
0%
Leicestershire County Council
0%
Lihou
0%
Little Ship Club
0%
Llandovery
0%
Looe Sailing Club
0%
Lord High Admiral
0%
Lord Lieutenants
0%
Lord Warden of the Cinque Ports
0%
Lundy
0%
Lytham St Annes
0%
Malpas
0%
Marden
0%
Maryhill
0%
Merionethshire
0%
Metropolitan Police
0%
Ministry of Defence Police
0%
Montrose
0%
Morayshire
0%
Mount's Bay Sailing Club
0%
Mylor Yacht Club
0%
Nenthead
0%
Newbury
0%
Newton Abbot
0%
Norfolk County Council
0%
Northern Lighthouse Board
0%
Padstow Sailing Club
0%
Penkhull
0%
Penrith
0%
Penzance Sailing Club
0%
Petersfield
0%
Pewsey
0%
Plymouth
0%
Poole
0%
Poole Yacht Club
0%
Porthpean Sailing Club
0%
Portland
0%
Port Navas Yacht Club
0%
Portsmouth
0%
Portsmouth Yacht Club
0%
Powys
0%
Powys Fadog
0%
Preston
0%
Prince Micheal of Kent
0%
Prince of Wales
0%
Princess Alexandra, The Honourable Lady Ogilvy
0%
Princess Beatrice of York
0%
Princess Eugenie of York
0%
Princess Royal
0%
Queen Camilla
0%
Queen's University Belfast
0%
Restronguet Sailing Club
0%
Rock Sailing and Waterski Club
0%
Royal Air Force Sailing Associations
0%
Royal Channel Islands Yacht Club
0%
Royal Corinthian Yacht Club
0%
Royal Cornwall Yacht Club
0%
Royal Dart Yacht Club
0%
Royal Engineers
0%
Royal Fleet Auxiliary
0%
Royal Forth Yacht Club
0%
Royal Fowey Yacht Club
0%
Royal Gibraltar Yacht Club
0%
Royal Hamilton Amateur Dinghy Club
0%
Royal Harwich Yacht Club
0%
Royal Logistic Corps
0%
Royal Maritime Auxiliary Service
0%
Royal National Lifeboat Institution
0%
Royal National Lifeboat Institution
0%
Royal Naval Auxiliary Service
0%
Royal Naval Sailing Association
0%
Royal Naval Volunteer Reserve Yacht Club
0%
Royal Norfolk and Suffolk Yacht Club
0%
Royal Northern and Clyde Yacht Club
0%
Royal North of Ireland Yacht Club
0%
Royal Observer Corps
0%
Royal Southampton Yacht Club
0%
Royal Southern Yacht Club
0%
Royal Thames Yacht Club
0%
Royal Ulster Yacht Club
0%
Royal Victoria Yacht Club
0%
Royal Windermere Yacht Club
0%
Royal Yacht Association
0%
Royal Yacht Squadron
0%
Royal Yorkshire Yacht Club
0%
Saint Aldhem
0%
Saint Brelade
0%
Saint Clement
0%
Saint Edmund the Martyr
0%
Saint Helier
0%
Saint John
0%
Saint Martin
0%
Saint Ouen
0%
Saint Pierre du Bois
0%
Saint Pierre Port
0%
Saint Richard of Chichester
0%
Saint Sampson
0%
Saltash Sailing Club
0%
Salvation Army
0%
Sea Cadet Corps
0%
Secretary of State for Defence
0%
Senedd Cymru
0%
Shrewsbury
0%
Southampton
0%
Southark Cathedral
0%
South Yorkshire
0%
Staining
0%
St Albans
0%
St Asaph
0%
St Augustine of Canterbury
0%
St Austell Parish
0%
St Helier Yacht Club
0%
Stirling
0%
St Ives Sailing Club
0%
St James Church Qeudgeley
0%
St Margaret's
0%
St Martin
0%
St Mawes Sailing Club
0%
Sussex Yacht Club
0%
Swansea University
0%
Tavistock
0%
The Quay Sailing Club
0%
Torpoint Mosquito Sailing Club
0%
Trinity House
0%
Trinity House
0%
Tywyn
0%
University of Bristol
0%
University of Cambridge
0%
University of East Anglia
0%
University of Edinburgh
0%
University of Glasgow
0%
University of Hull
0%
University of London
0%
University of Oxford
0%
University of Roehampton
0%
University of St Andrews
0%
University of Warwick
0%
Vale
0%
Wadhurst
0%
Wariwickshire
0%
Welsh Government
0%
West Mersea Yacht Club
0%
Westminster Abbey
0%
Wing
0%
Worcester Cathedral
0%
Worcester County Council
0%
Wreay
0%
Wrexham University
0%
Wroxton
0%
Y Ddraig Aur
0%
Y Groes Nawdd
0%
No matching quizzes found
Score Distribution
Percent of People with Each Score
Percentile by Number Answered
Your Score History
You have not taken this quiz